Normal view MARC view

Entry Personal Name

Number of records used in: 3

001 - CONTROL NUMBER

  • control field: 1239409

003 - CONTROL NUMBER IDENTIFIER

  • control field: OSt

005 - DATE AND TIME OF LATEST TRANSACTION

  • control field: 20260514122518.0

008 - FIXED-LENGTH DATA ELEMENTS

  • fixed length control field: 260514|| aca||aabn | a|a d

040 ## - CATALOGING SOURCE

  • Original cataloging agency: OSt
  • Transcribing agency: OSt

100 ## - HEADING--PERSONAL NAME

  • Personal name: Dr.Ritu Singh

670 ## - SOURCE DATA FOUND

  • Source citation: Work cat.: (OSt)1851448: Kaur Dr.Gaganpreet 1239407, Study of Serum insulin Like Growth Factor-1 (IGF-1) in Pegnancies Complicated with Pre-Eclampsia.
Copyright @ Delhi University Library System